Statistics for Biggest 20 Countries by Population 1900

Click here to take the quiz!

General Stats

  • This quiz has been taken 66 times
    (46 since last reset)
  • The average score is 16 of 20

Answer Stats

PopulationCountry% Correct
436.000.000United Kingdom
98%
136.000.000Russia
98%
75.000.000USA
95%
18.000.000Spain
95%
78.000.000France
93%
56.000.000Germany
93%
46.000.000Japan
93%
17.500.000Brazil
90%
44.000.000Netherlands
90%
32.000.000Italy
90%
12.400.000Portugal
85%
13.000.000Mexico
83%
31.000.000Ottoman Empire
83%
6.900.000Belgium
83%
47.000.000Austria Hungary
80%
17.000.000Korea
68%
9.000.000Persia
65%
400.000.000Qing
53%
12.100.000Ethiopia
53%
7.000.000Morocco
30%

Score Distribution

Percentile by Number Answered

Percent of People with Each Score

Your Score History

You have not taken this quiz since the last reset